000
00291nam a22001337a 4500
008
221005b ||||| |||| 00| 0 eng d
041
_a
eng
080
_2
tenth edition
_a
61
082
_a
61
100
_a
5
101
_a
MJEK
245
_a
MEDICINE A TEXTBOOK
_c
CECIL.R
942
_2
udc
_c
BK
999
_c
58349
_d
58349